NUOVA ANTOLOGIA. MAGGIO GIUGNO 1883. II SERIE. VOL. XXXIX. (Record n. 329132)
[ formato base ]
| 000 -LEADER | |
|---|---|
| fixed length control field | 02065nas a2200277Ia 4500 |
| 001 - CONTROL NUMBER | |
| control field | R050-S0540 |
| 003 - CONTROL NUMBER IDENTIFIER | |
| control field | IT-CnALBA |
| 008 - FIXED-LENGTH DATA ELEMENTS--GENERAL INFORMATION | |
| fixed length control field | 170116c99999999xx |||||||||||| ||und|| |
| 040 ## - CATALOGING SOURCE | |
| Original cataloging agency | IT-CnALBA |
| Transcribing agency | IT-CnALBA |
| 041 ## - LANGUAGE CODE | |
| Language code of text/sound track or separate title | ITALIANO |
| 999 ## - SYSTEM CONTROL NUMBERS (KOHA) | |
| Koha Dewey Subclass [OBSOLETE] | SI |
| 100 ## - MAIN ENTRY--PERSONAL NAME | |
| Personal name | ZANELLA GIACOMO |
| 210 ## - ABBREVIATED TITLE | |
| Abbreviated title | NUOVA ANTOLOGIA |
| 222 ## - KEY TITLE | |
| Key title | NUOVA ANTOLOGIA |
| 245 #0 - TITLE STATEMENT | |
| Title | NUOVA ANTOLOGIA. MAGGIO GIUGNO 1883. II SERIE. VOL. XXXIX. |
| Remainder of title | RIVISTA DI LETTERE SCIENZE ARTI |
| 250 ## - EDITION STATEMENT | |
| Edition statement | 1a ed. |
| 260 ## - PUBLICATION, DISTRIBUTION, ETC. (IMPRINT) | |
| Place of publication, distribution, etc. | ROMA |
| Name of publisher, distributor, etc. | DIREZIONE NUOVA ANTOLOGIA |
| Date of publication, distribution, etc. | 1883 [1° Ed.:1883 - Ed.Ling.Originale: 1883] |
| 300 ## - PHYSICAL DESCRIPTION | |
| Extent | 784 p. |
| 310 ## - CURRENT PUBLICATION FREQUENCY | |
| Current publication frequency | QUINDICINALE |
| 362 ## - DATES OF PUBLICATION AND/OR SEQUENTIAL DESIGNATION | |
| Dates of publication and/or sequential designation | Fascicolo: 9-12 / (1883) |
| 500 ## - GENERAL NOTE | |
| General note | RELAZIONI POETICHE TRA ITALIA E SPAGNA SECOLO XVI. GHIACCI POLARI, MARE POPOLARE ARTICO E CONTINENTE ANTARTICO. TIRI A SEGNO DELLA DIFESA DELLE ALPI. BARATIERI O. TORNATA AL SECOLO, RACCONTO, SAREDO L. LEGGE SULLO STATO DEGLI IMPIEGATI E GOVERNO PARLAMENTARE, PALMA L. NOTIZIE SCIENTIFICHE, I COSTUMI LE ARMI GLI UTENSILI DELLA TERRA DEL FUOCO. RECENTI OSSERVAZIONI PREVENTIVE DEL CARBONCHIO. DESCRIZIONE DELL'AEREO CADUTO AD ALFIANELLO. RASSEGNA DRAMMATICA. RASSEGNA POLITICA. BOLLETTINO FINANZIARIO, BIBLIOGRAFICO. LETTERATURA E POESIA. STORIA E ARCHEOLOGIA. RACCONTI. SCIENZE ECONOMICHE. STATISTICA. |
| 501 ## - WITH NOTE | |
| With note | Società San Paolo EM - Piazza San Paolo, 14 - 12051 ALBA (CN) (non commercial uses only) ® Copyright 2017 |
| 520 ## - SUMMARY, ETC. | |
| Summary, etc. | RELAZIONI POETICHE TRA ITALIA E SPAGNA SECOLO XVI. GHIACCI POLARI, MARE POPOLARE ARTICO E CONTINENTE ANTARTICO. TIRI A SEGNO DELLA DIFESA DELLE ALPI. BARATIERI O. TORNATA AL SECOLO, RACCONTO, SAREDO L. LEGGE SULLO STATO DEGLI IMPIEGATI E GOVERNO PARLAMENTARE, PALMA L. NOTIZIE SCIENTIFICHE, I COSTUMI LE ARMI GLI UTENSILI DELLA TERRA DEL FUOCO. RECENTI OSSERVAZIONI PREVENTIVE DEL CARBONCHIO. DESCRIZIONE DELL'AEREO CADUTO AD ALFIANELLO. RASSEGNA DRAMMATICA. RASSEGNA POLITICA. BOLLETTINO FINANZIARIO, BIBLIOGRAFICO. LETTERATURA E POESIA. STORIA E ARCHEOLOGIA. RACCONTI. SCIENZE ECONOMICHE. STATISTICA. |
| 650 ## - SUBJECT ADDED ENTRY--TOPICAL TERM | |
| Topical term or geographic name as entry element | PERIODICI |
| 942 ## - ADDED ENTRY ELEMENTS (KOHA) | |
| Koha item type | RIVISTA |
| 957 ## - | |
| -- | 1 |
| 999 ## - SYSTEM CONTROL NUMBERS (KOHA) | |
| -- | 1 |
| Withdrawn status | Lost status | Damaged status | Not for loan | Home library | Current library | Date acquired | Total Checkouts | Full call number | Date last seen | Price effective from | Koha item type | Public note |
|---|---|---|---|---|---|---|---|---|---|---|---|---|
| Buone Condizioni | Not For Loan | ALBA - Biblioteca | ALBA - Biblioteca | 16/01/2017 | R050-S0540 | 16/01/2017 | 16/01/2017 | RIVISTA | (data import: 16 gennaio 2017) - By Epidotti, Vaglietti. |